000 00737nam a2200265Ia 4500
003 OSt
005 20221007071631.0
006 a|||||r|||| 00| 0
007 ta
008 221006b |||||||| |||| 00| 0 eng d
020 _a033026934
024 _a545
037 _cReference Collections
040 _aFLL
_cFLL
_beng
041 _2eng
_aeng
082 _aV3:2:9Z, K9
100 _aDicey A. V.
245 0 _aIntroduction to the study of the law of the constitution
250 _a10th
260 _aLondon
_bEnglish language book society UK
_c1982
300 _a535p
_ccm.
650 _aConstitutional Law
_9681314
942 _hV3:2:9Z, K9
_cREF
_2CC
999 _c1143855
_d1143855